000 00817pab a2200181 454500
008 180718b2001 xxu||||| |||| 00| 0 eng d
100 _aBasu, Kaushik
245 _aIndia and the global economy: role of culture, norms and beliefs
260 _c2001
300 _ap.3837-842
362 _a6 Oct
520 _aThe roots of India's prolonged economic stagnation and the glimmer of hope that one notices on the horizon today cannot be fully understood if one ignores the variables that conventional analysis has taught us to ignore - the social norms, culture, beliefs, and the fabric of social interaction. - Reproduced
650 _aCulture - India
650 _aEconomic and social development - India
650 _aEconomic and social development
773 _aEconomic and Political Weekly
909 _a50222
999 _c50222
_d50222